000 00699nam a2200229Ia 4500
003 OSt
005 20220925232535.0
006 a|||||r|||| 00| 0
007 ta
008 220923b |||||||| |||| 00| 0 eng d
037 _cGeneral Book
040 _aRTL
_cRTL
_beng
041 _2eng
_aeng
082 _aX62:1.2.(Y31).N9, P2
100 _aJayaraman B and others
_9297421
245 0 _aRural non-farm investments
_b An impact assessment
260 _aMumbai
_bNational Bank of Agriculture and Rurel Development India
_c2002
300 _a105p.
_ccm.
650 _aBank
942 _hX62:1.2.(Y31).N9, P2
_cGB
_2CC
999 _c591556
_d591556